Normal view
MARC view
- Electrical Engineering-BP-156
Entry Topical Term
001 - CONTROL NUMBER
- control field: 30825
003 - CONTROL NUMBER IDENTIFIER
- control field: NUST
005 - DATE AND TIME OF LATEST TRANSACTION
- control field: 20200928100731.0
008 - FIXED-LENGTH DATA ELEMENTS
- fixed length control field: 200928|| aca||aabn | a|a d
040 ## - CATALOGING SOURCE
- Original cataloging agency: NUST
- Transcribing agency: NUST
150 ## - HEADING--TOPICAL TERM
- Topical term or geographic name entry element: Electrical Engineering-BP-156
670 ## - SOURCE DATA FOUND
- Source citation: Work cat.: (NUST): Zain, Murtaza, ; M. Imtiaz, Usama 30824, DEPPATH A DEEP LEARNING BASED ANALYTICS PLATFORM FORDIGTIAL PATHOLOGY /, 2012.
